[Event "Hampshire Major"]
[Site "Fareham"]
[Date "2019.11.02"]
[Round "3.105"]
[White "Moore, Gillian A"]
[Black "Shek, Daniel"]
[Result "1-0"]
[WhiteElo "1752"]
[BlackElo "1576"]
[PlyCount "85"]
[EventDate "2019.11.01"]
[EventType "swiss"]
[EventRounds "6"]
[EventCountry "ENG"]
[SourceVersionDate "2019.12.01"]

1. d4 Nf6 2. Nc3 g6 3. Bf4 Bg7 4. e4 d6 5. Qd2 O-O 6. O-O-O a5 7. Nf3 c6 8. Bd3 b5 9. Bh6 a4 10. Bxg7 Kxg7 11. e5 dxe5 12. dxe5 Ne8 13. Be4 Qxd2+ 14. Rxd2 b4 15. Ne2 Be6 16. a3 bxa3 17. bxa3 Nc7 18. Nc3 Ra5 19. Rhd1 Nb5 20. Nxb5 Rxb5 21. Rd4 Ra5 22. h3 Rc8 23. Rd8 Rxd8 24. Rxd8 Nd7 25. Nd4 Nxe5 26. Nxc6 Nxc6 27. Bxc6 Ra6 28. Bb5 Ra5 29. c4 Ra7 30. c5 Rc7 31. c6 Rc8 32. Rxc8 Bxc8 33. Bxa4 Kf6 34. Kd2 Ke5 35. Kc3 Kd5 36. Kb4 Kd6 37. Bb5 Kc7 38. a4 Bf5 39. f4 h6 40. h4 e5 41. fxe5 g5 42. hxg5 hxg5 43. Kc5 1-0

[Event "Hampshire Major"]
[Site "Fareham"]
[Date "2019.11.02"]
[Round "3.106"]
[White "Webb, John"]
[Black "Piecha, Lukasz"]
[Result "0-1"]
[WhiteElo "1488"]
[BlackElo "1728"]
[PlyCount "66"]
[EventDate "2019.11.01"]
[EventType "swiss"]
[EventRounds "6"]
[EventCountry "ENG"]
[SourceVersionDate "2019.12.01"]

1. c4 g6 2. g3 c5 3. Bg2 Bg7 4. Nc3 Nf6 5. Nf3 O-O 6. O-O Nc6 7. d3 Rb8 8. a3 a6 9. Rb1 b5 10. Bf4 d6 11. cxb5 axb5 12. b4 cxb4 13. axb4 Bb7 14. Bd2 Ba8 15. Qc1 Ng4 16. h3 Nge5 17. Nxe5 Nxe5 18. Bxa8 Rxa8 19. Nxb5 Qd7 20. Nc3 Qxh3 21. f3 Qxg3+ 22. Kh1 Qh3+ 23. Kg1 Rfc8 24. Rf2 Nc6 25. Rh2 Qe6 26. Bh6 Nd4 27. Qd2 Nxf3+ 28. exf3 Bxc3 29. Qg5 Be5 30. f4 Bd4+ 31. Kf1 Ra2 32. Re1 Qxe1+ 33. Kxe1 Rc1# 0-1

[Event "Hampshire Major"]
[Site "Fareham"]
[Date "2019.11.02"]
[Round "3.107"]
[White "Stout, Nicholas"]
[Black "Hamilton, Melissa"]
[Result "0-1"]
[WhiteElo "1688"]
[BlackElo "1592"]
[PlyCount "66"]
[EventDate "2019.11.01"]
[EventType "swiss"]
[EventRounds "6"]
[EventCountry "ENG"]
[SourceVersionDate "2019.12.01"]

1. d4 d5 2. e3 Nf6 3. Nf3 e6 4. Bd3 Bd6 5. Nbd2 c5 6. c3 c4 7. Bc2 O-O 8. O-O Qc7 9. e4 Nxe4 10. Nxe4 dxe4 11. Bxe4 f5 12. Bc2 Nd7 13. Re1 Nf6 14. Ne5 h6 15. f4 Bxe5 16. Rxe5 Nd5 17. Bd2 b5 18. Qe1 Rf6 19. b3 Qc6 20. bxc4 bxc4 21. Qg3 Kh7 22. Rb1 Bb7 23. Ba4 Qxa4 24. Rxb7 Rg6 25. Qe1 Qc6 26. Rb2 Nb4 27. Qf1 Nd3 28. Rbb5 Nxe5 29. Rxe5 Rb8 30. Rc5 Qa4 31. h3 Qxa2 32. Be1 Rb1 33. Qf2 Rxe1+ 0-1

[Event "Hampshire Major"]
[Site "Fareham"]
[Date "2019.11.02"]
[Round "3.109"]
[White "Dallas, Peter"]
[Black "Belinger, John"]
[Result "1/2-1/2"]
[WhiteElo "1720"]
[BlackElo "1672"]
[PlyCount "90"]
[EventDate "2019.11.01"]
[EventType "swiss"]
[EventRounds "6"]
[EventCountry "ENG"]
[SourceVersionDate "2019.12.01"]

1. e4 c5 2. Nf3 Nc6 3. d3 g6 4. g3 Bg7 5. Bg2 d6 6. O-O Nf6 7. Nbd2 O-O 8. Ne1 Nd7 9. f4 f5 10. c3 Nf6 11. Nef3 Qc7 12. Ng5 h6 13. Qb3+ Kh8 14. Ngf3 Bd7 15. Nh4 Kh7 16. Qc2 e6 17. Re1 Rfe8 18. Nf1 Rad8 19. h3 Bc8 20. e5 dxe5 21. fxe5 Nd5 22. Nf3 Nxe5 23. Nxe5 Bxe5 24. Qd2 Bg7 25. a4 Qd6 26. a5 Nf6 27. Rd1 Nd5 28. Ra4 e5 29. Rh4 Qf6 30. Ne3 Nxe3 31. Qxe3 b6 32. axb6 axb6 33. Ra4 Qd6 34. Ra7 Re7 35. Rxe7 Qxe7 36. d4 cxd4 37. cxd4 e4 38. b3 Qb4 39. Bb2 Be6 40. Kh2 Qxb3 41. Qxb3 Bxb3 42. Rb1 Bxd4 43. Bxd4 Rxd4 44. Rxb3 Rd6 45. g4 Kg7 1/2-1/2

[Event "Hampshire Major"]
[Site "Fareham"]
[Date "2019.11.02"]
[Round "3.110"]
[White "Sellen, John R"]
[Black "Smith, David W"]
[Result "1/2-1/2"]
[WhiteElo "1616"]
[BlackElo "1704"]
[PlyCount "61"]
[EventDate "2019.11.01"]
[EventType "swiss"]
[EventRounds "6"]
[EventCountry "ENG"]
[SourceVersionDate "2019.12.01"]

1. f4 Nf6 2. Nf3 d5 3. e3 g6 4. d4 Bg7 5. Bd3 Bg4 6. Nbd2 O-O 7. O-O Nbd7 8. Qe1 Bxf3 9. Rxf3 c5 10. c3 c4 11. Bc2 b5 12. a3 a5 13. e4 dxe4 14. Nxe4 Nxe4 15. Bxe4 Rb8 16. Rf1 Nf6 17. Bf3 b4 18. a4 e6 19. Bc6 Qc7 20. Bb5 Nd5 21. Bd2 Rfd8 22. Qe2 Nb6 23. Qe1 Rd5 24. Rc1 Rbd8 25. Be3 R5d6 26. Rd1 Nd5 27. Bd2 h5 28. Qe2 Nb6 29. Kh1 Rd5 30. Be3 Kh7 31. Bd2 1/2-1/2

[Event "Hampshire Major"]
[Site "Fareham"]
[Date "2019.11.02"]
[Round "3.111"]
[White "Deacon, Matthew"]
[Black "Wood, Peter C"]
[Result "0-1"]
[WhiteElo "1488"]
[BlackElo "1656"]
[PlyCount "74"]
[EventDate "2019.11.01"]
[EventType "swiss"]
[EventRounds "6"]
[EventCountry "ENG"]
[SourceVersionDate "2019.12.01"]

1. d4 Nf6 2. c4 e6 3. Nc3 d5 4. cxd5 exd5 5. Bg5 Nbd7 6. e3 h6 7. Bh4 Be7 8. Bd3 c6 9. Nge2 Ne4 10. Bxe7 Qxe7 11. O-O Ndf6 12. Nxe4 dxe4 13. Bc4 Bf5 14. Rb1 a5 15. a3 O-O 16. b4 axb4 17. axb4 b5 18. Bb3 Nd5 19. Bxd5 cxd5 20. Qb3 Qd6 21. Rfc1 Bd7 22. Rc5 Rfc8 23. Qxd5 Qxd5 24. Rxd5 Rc2 25. Rxd7 Rxe2 26. Rb7 Rb2 27. Rc1 Rxb4 28. h3 Rb2 29. Re7 b4 30. Rxe4 b3 31. d5 Rc2 32. Rb1 b2 33. Kh2 Ra1 34. d6 Rxb1 35. d7 Rd1 36. Re8+ Kh7 37. d8=Q Rxd8 0-1

[Event "Hampshire Major"]
[Site "Fareham"]
[Date "2019.11.02"]
[Round "4.101"]
[White "Cheung, Ryan"]
[Black "Evans, Thomas"]
[Result "0-1"]
[WhiteElo "1776"]
[BlackElo "1696"]
[PlyCount "64"]
[EventDate "2019.11.01"]
[EventType "swiss"]
[EventRounds "6"]
[EventCountry "ENG"]
[SourceVersionDate "2019.12.01"]

1. d4 f5 2. g3 Nf6 3. Bg2 g6 4. Nf3 Bg7 5. O-O d6 6. c4 O-O 7. Nc3 Qe8 8. d5 a5 9. Nd4 Na6 10. e4 fxe4 11. Nxe4 Nxe4 12. Bxe4 Nc5 13. Bg2 Bd7 14. h4 Bf5 15. Nxf5 gxf5 16. Rb1 Qf7 17. Re1 Be5 18. Be3 Nd7 19. Bh6 Bg7 20. Bf4 Be5 21. Bh6 Bg7 22. Qd2 b6 23. Qg5 Ne5 24. f4 Ng4 25. Rxe7 Qxe7 26. Qxe7 Nxh6 27. Qxc7 Bd4+ 28. Kf1 Ng4 29. Bf3 Ne3+ 30. Ke2 Rae8 31. Kd3 Bc5 32. Bh5 Re4 0-1

[Event "Hampshire Major"]
[Site "Fareham"]
[Date "2019.11.02"]
[Round "4.103"]
[White "Hamilton, Melissa"]
[Black "Pinto, Phil B"]
[Result "1-0"]
[WhiteElo "1592"]
[BlackElo "1696"]
[PlyCount "99"]
[EventDate "2019.11.01"]
[EventType "swiss"]
[EventRounds "6"]
[EventCountry "ENG"]
[SourceVersionDate "2019.12.01"]

1. d4 d6 2. c4 Nf6 3. Nc3 g6 4. Nf3 Bg7 5. e3 O-O 6. Be2 c5 7. b3 cxd4 8. exd4 Nc6 9. O-O Bd7 10. Be3 Qa5 11. Qc2 Rac8 12. a3 Rfe8 13. b4 Qc7 14. Nb5 Qb8 15. Rac1 Nxb4 16. Qa4 Na6 17. d5 Nc5 18. Qxa7 Qxa7 19. Nxa7 Ra8 20. Nb5 Bxb5 21. Bxc5 dxc5 22. cxb5 b6 23. Rfd1 Rxa3 24. Bc4 Ne4 25. Re1 Nd6 26. Nd2 Bh6 27. f4 Bxf4 28. Re2 Bxd2 29. Rxd2 Nxc4 30. Rxc4 Rb3 31. Re4 Kf8 32. Rh4 h5 33. g4 Rb4 34. h3 Ra8 35. Kg2 Raa4 36. Kg3 f5 37. Rc2 Rb3+ 38. Kg2 Rxb5 39. Kg3 Rb3+ 40. Kf2 Kf7 41. Kg2 Kf6 42. g5+ Kxg5 43. Rxa4 f4 44. Rf2 Rd3 45. Raxf4 Rxd5 46. Re4 e5 47. h4+ Kh6 48. Rb2 g5 49. Rxb6+ Kg7 50. hxg5 1-0

[Event "Hampshire Major"]
[Site "Fareham"]
[Date "2019.11.02"]
[Round "4.104"]
[White "Shek, Daniel"]
[Black "Dallas, Peter"]
[Result "0-1"]
[WhiteElo "1576"]
[BlackElo "1720"]
[PlyCount "114"]
[EventDate "2019.11.01"]
[EventType "swiss"]
[EventRounds "6"]
[EventCountry "ENG"]
[SourceVersionDate "2019.12.01"]

1. d4 g6 2. c4 Bg7 3. Nc3 d6 4. e4 Nd7 5. Be3 a6 6. Nf3 e6 7. Bg5 Ne7 8. Bd3 h6 9. Be3 b6 10. Qd2 Bb7 11. O-O c5 12. d5 e5 13. a3 f5 14. exf5 gxf5 15. Bc2 Nf6 16. Ba4+ Kf7 17. Rad1 Ng6 18. Qe2 Bc8 19. b4 f4 20. Bc1 Bf5 21. bxc5 bxc5 22. Bc2 Bxc2 23. Qxc2 Qd7 24. Ne4 Nxe4 25. Qxe4 Bf6 26. Rfe1 Rhg8 27. Kf1 Qg4 28. Ke2 Rg7 29. h3 Qd7 30. Rd2 Ne7 31. Rb2 Nf5 32. Qb1 Ra7 33. Rb6 Qa4 34. Qxf5 Qxc4+ 35. Qd3 Qa4 36. Rxd6 e4 37. Rxf6+ Kxf6 38. Qc3+ Kf7 39. Ne5+ Kg8 40. Bxf4 Rxg2 41. Qxc5 Qb5+ 42. Qxb5 axb5 43. Rc1 Rxa3 44. Bg3 Raxg3 45. d6 e3 46. d7 Rxf2+ 47. Kd3 Rd2+ 48. Ke4 e2 49. Re1 b4 50. Ng4 Rxg4+ 51. hxg4 Rxd7 52. Rxe2 Re7+ 53. Kf3 Rxe2 54. Kxe2 Kg7 55. Kd3 Kg6 56. Kc4 Kg5 57. Kxb4 Kxg4 0-1

[Event "Hampshire Major"]
[Site "Fareham"]
[Date "2019.11.02"]
[Round "4.105"]
[White "Smith, David W"]
[Black "Stout, Nicholas"]
[Result "1-0"]
[WhiteElo "1704"]
[BlackElo "1688"]
[PlyCount "119"]
[EventDate "2019.11.01"]
[EventType "swiss"]
[EventRounds "6"]
[EventCountry "ENG"]
[SourceVersionDate "2019.12.01"]

1. e4 d5 2. exd5 Qxd5 3. Nf3 Nf6 4. Be2 Bf5 5. d4 e6 6. O-O Be7 7. c4 Qd8 8. h3 c6 9. Be3 Nbd7 10. a3 Bxb1 11. Rxb1 O-O 12. b4 a5 13. Qc2 axb4 14. axb4 Re8 15. Rfd1 Qc7 16. Bd3 Nf8 17. b5 Bd8 18. bxc6 bxc6 19. c5 Be7 20. Ne5 Ng6 21. Nxg6 hxg6 22. Rb6 Nd5 23. Rb3 Bf6 24. Rdb1 Reb8 25. Qb2 Rxb3 26. Qxb3 Ra7 27. Qb8+ Qxb8 28. Rxb8+ Kh7 29. Rb1 Ra3 30. Rd1 Nb4 31. Be4 Nd5 32. Rd3 Ra1+ 33. Kh2 Ra4 34. g3 Ra2 35. Kg1 Ra1+ 36. Kg2 Ra4 37. g4 Ra2 38. Kg3 Ra1 39. h4 Rg1+ 40. Bg2 Bxh4+ 41. Kh3 Bf6 42. g5 Be7 43. Ra3 Rb1 44. Ra6 Rb3 45. Kg4 Nxe3+ 46. fxe3 Rxe3 47. Bxc6 Rd3 48. Ra4 f5+ 49. Kf4 Rd1 50. Bd7 Bxc5 51. dxc5 Rxd7 52. c6 Rc7 53. Rc4 Kg8 54. Ke5 Kf7 55. Kd6 Ra7 56. c7 Ra8 57. c8=Q Rxc8 58. Rxc8 f4 59. Rc7+ Kf8 60. Kxe6 1-0

[Event "Hampshire Major"]
[Site "Fareham"]
[Date "2019.11.02"]
[Round "4.106"]
[White "Crosswell, Neil"]
[Black "Smith, Chris"]
[Result "1/2-1/2"]
[WhiteElo "1552"]
[BlackElo "1608"]
[PlyCount "40"]
[EventDate "2019.11.01"]
[EventType "swiss"]
[EventRounds "6"]
[EventCountry "ENG"]
[SourceVersionDate "2019.12.01"]

1. d4 d5 2. c4 e6 3. Nc3 c5 4. e3 Nf6 5. Nf3 Nc6 6. Bd3 cxd4 7. exd4 Bb4 8. O-O Bxc3 9. bxc3 dxc4 10. Bxc4 O-O 11. Bg5 Ne7 12. Qc2 Ned5 13. Bd3 Qc7 14. Bxf6 Nxf6 15. Ng5 h6 16. Ne4 Qe7 17. Rab1 b6 18. Nxf6+ Qxf6 19. Be4 Rb8 20. Rfd1 Bb7 1/2-1/2

[Event "Hampshire Major"]
[Site "Fareham"]
[Date "2019.11.03"]
[Round "5.101"]
[White "Evans, Thomas"]
[Black "Wilson, Matthew R"]
[Result "1/2-1/2"]
[WhiteElo "1696"]
[BlackElo "1872"]
[PlyCount "46"]
[EventDate "2019.11.01"]
[EventType "swiss"]
[EventRounds "6"]
[EventCountry "ENG"]
[SourceVersionDate "2019.12.01"]

1. e4 e5 2. Nf3 Nf6 3. Nxe5 d6 4. Nf3 Nxe4 5. Nc3 Nxc3 6. dxc3 Be7 7. Bd3 Nc6 8. O-O Bg4 9. h3 Bh5 10. g4 Bg6 11. Bf4 Qd7 12. Kg2 O-O-O 13. Re1 h5 14. g5 Bf5 15. Bxf5 Qxf5 16. Qd2 Ne5 17. Bxe5 dxe5 18. Qe3 Kb8 19. Qxe5 Qxe5 20. Rxe5 Bd6 21. Re2 Kc8 22. Rae1 f6 23. h4 Kd7 1/2-1/2

[Event "Hampshire Major"]
[Site "Fareham"]
[Date "2019.11.03"]
[Round "5.102"]
[White "O'Gorman, Brendan"]
[Black "Holmes, David J"]
[Result "1/2-1/2"]
[WhiteElo "1832"]
[BlackElo "1824"]
[PlyCount "71"]
[EventDate "2019.11.01"]
[EventType "swiss"]
[EventRounds "6"]
[EventCountry "ENG"]
[SourceVersionDate "2019.12.01"]

1. c4 e5 2. Nc3 Nc6 3. Nf3 f5 4. g3 Nf6 5. d4 e4 6. Nh4 d6 7. Bg5 Be7 8. e3 O-O 9. Bh3 Ne8 10. Bxe7 Nxe7 11. Bf1 Nf6 12. Be2 Bd7 13. Ng2 Ng6 14. h4 a6 15. h5 Ne7 16. Nf4 c6 17. Qb3 b5 18. cxb5+ d5 19. bxa6 Qa5 20. O-O Rfb8 21. Qa4 Qb6 22. Qa3 Qb4 23. Qxb4 Rxb4 24. b3 Bc8 25. Na4 Bxa6 26. Bxa6 Rxa6 27. Nc5 Ra7 28. Rfc1 Nd7 29. a3 Rb8 30. Nxd7 Rxd7 31. b4 Kf7 32. Rc5 g5 33. hxg6+ hxg6 34. Kf1 Ra7 35. Ke1 Rxb4 36. Rcc1 1/2-1/2

[Event "Hampshire Major"]
[Site "Fareham"]
[Date "2019.11.03"]
[Round "5.103"]
[White "Torrance, John"]
[Black "Hamilton, Melissa"]
[Result "1-0"]
[WhiteElo "1520"]
[BlackElo "1592"]
[PlyCount "45"]
[EventDate "2019.11.01"]
[EventType "swiss"]
[EventRounds "6"]
[EventCountry "ENG"]
[SourceVersionDate "2019.12.01"]

1. d4 d5 2. Bg5 Bf5 3. e3 Nd7 4. Nf3 Ngf6 5. Bd3 Bg6 6. Bxg6 hxg6 7. Nbd2 c5 8. O-O e6 9. c3 Qc7 10. Bf4 Bd6 11. Bxd6 Qxd6 12. dxc5 Nxc5 13. Nc4 Qc7 14. Nce5 Rh5 15. Qd4 Ke7 16. Qf4 Qd6 17. Rfd1 Rf5 18. Qd4 Nce4 19. c4 a5 20. cxd5 Qxd5 21. Qb6 Qc5 22. Qxb7+ Nd7 23. Rxd7+ 1-0

[Event "Hampshire Major"]
[Site "Fareham"]
[Date "2019.11.03"]
[Round "5.104"]
[White "Piecha, Lukasz"]
[Black "Moore, Gillian A"]
[Result "1-0"]
[WhiteElo "1728"]
[BlackElo "1752"]
[PlyCount "111"]
[EventDate "2019.11.01"]
[EventType "swiss"]
[EventRounds "6"]
[EventCountry "ENG"]
[SourceVersionDate "2019.12.01"]

1. d4 d5 2. Nc3 Nf6 3. Bf4 e6 4. e3 Bd6 5. g4 O-O 6. g5 Bxf4 7. exf4 Nfd7 8. h4 Re8 9. Qf3 c5 10. O-O-O cxd4 11. Rxd4 Nc6 12. Rd1 Ne7 13. f5 Ne5 14. Qg3 N7c6 15. f6 Qa5 16. Kb1 a6 17. h5 b5 18. g6 fxg6 19. hxg6 hxg6 20. f4 Nd7 21. Bd3 Nxf6 22. Bxg6 Re7 23. Qh3 Kf8 24. Qh8+ Ng8 25. Bh7 Ke8 26. Bxg8 Kd7 27. f5 Kd6 28. Qh2+ Kc5 29. Qf2+ d4 30. Nf3 e5 31. Bd5 Bb7 32. Bxc6 Kxc6 33. Nxe5+ Kc7 34. Qxd4 Qb6 35. Nd5+ Bxd5 36. Qxd5 Rae8 37. Ng6 Re2 38. Nf4 R2e5 39. Qf7+ Kb8 40. Nd5 Qc6 41. Nb4 Qxh1 42. Nxa6+ Ka8 43. Nc7+ Kb8 44. Na6+ Ka8 45. Qxe8+ Rxe8 46. Rxh1 Kb7 47. Nc5+ Kc6 48. Ne6 Re7 49. Rd1 Rf7 50. b3 Kb6 51. Rd6+ Ka5 52. a3 Re7 53. Nc5 b4 54. a4 Ra7 55. Kc1 Ra8 56. Kd2 1-0

[Event "Hampshire Major"]
[Site "Fareham"]
[Date "2019.11.03"]
[Round "5.106"]
[White "Dallas, Peter"]
[Black "Smith, David W"]
[Result "1/2-1/2"]
[WhiteElo "1720"]
[BlackElo "1704"]
[PlyCount "75"]
[EventDate "2019.11.01"]
[EventType "swiss"]
[EventRounds "6"]
[EventCountry "ENG"]
[SourceVersionDate "2019.12.01"]

1. e4 d6 2. Nf3 Nf6 3. d3 g6 4. g3 Bg7 5. Bg2 O-O 6. Nbd2 e5 7. O-O Nc6 8. Ne1 d5 9. exd5 Nxd5 10. Nc4 f5 11. c3 Kh8 12. Bd2 f4 13. Qb3 fxg3 14. hxg3 Nb6 15. Nxb6 axb6 16. f4 Bf5 17. Qc2 Qd7 18. Be4 Rad8 19. Bxf5 Qxf5 20. Rd1 Qh3 21. Rf3 Rf7 22. Ng2 Qg4 23. Kf2 Rdf8 24. Rh1 exf4 25. gxf4 Ne5 26. Rfh3 h6 27. d4 Nc4 28. Bc1 Qe6 29. Rg3 Rf6 30. Nh4 Re8 31. Nxg6+ Kg8 32. Rhg1 Nd6 33. Re3 Ne4+ 34. Kf3 Rxg6 35. Rxg6 Qxg6 36. Rxe4 Qh5+ 37. Kg2 Qg6+ 38. Kf3 1/2-1/2

[Event "Hampshire Major"]
[Site "Fareham"]
[Date "2019.11.03"]
[Round "5.107"]
[White "Agostinelli, David R"]
[Black "Sellen, John R"]
[Result "1-0"]
[WhiteElo "1696"]
[BlackElo "1616"]
[PlyCount "105"]
[EventDate "2019.11.01"]
[EventType "swiss"]
[EventRounds "6"]
[EventCountry "ENG"]
[SourceVersionDate "2019.12.01"]

1. c4 f5 2. Nc3 Nf6 3. g3 c6 4. Bg2 e6 5. Nf3 d5 6. cxd5 exd5 7. d4 Bd6 8. O-O O-O 9. Ne5 Nbd7 10. f4 Ne4 11. Nxe4 fxe4 12. e3 Nf6 13. h3 Bd7 14. Qc2 Be8 15. b4 Qe7 16. Rb1 Rc8 17. a4 a6 18. Qc3 Qc7 19. Bd2 b6 20. Rfc1 c5 21. bxc5 bxc5 22. dxc5 Bxc5 23. Qb3 Qa7 24. Rxc5 Rxc5 25. Bb4 Bxa4 26. Qxa4 Rb8 27. Re1 Rcc8 28. Bf1 Rb6 29. Qa3 Qb7 30. Bc5 Rb3 31. Qa5 Rb2 32. Bd4 Rbc2 33. Qxa6 Qxa6 34. Bxa6 Ra8 35. Rb1 h6 36. Bf1 Rac8 37. Ng6 Kh7 38. Ne7 R8c7 39. Bxf6 gxf6 40. Nxd5 Rf7 41. f5 Rc5 42. Rd1 Kg7 43. Bg2 Rc4 44. Nf4 Ra7 45. g4 Kf7 46. Kh2 Ke7 47. Kg3 Ra3 48. Re1 Kf7 49. Kh4 Ra8 50. Ne6 Ra2 51. Kg3 Ra3 52. Kf4 Raa4 53. Nd4 1-0

[Event "Hampshire Major"]
[Site "Fareham"]
[Date "2019.11.03"]
[Round "5.108"]
[White "Pinto, Phil B"]
[Black "Smith, Chris"]
[Result "1-0"]
[WhiteElo "1696"]
[BlackElo "1608"]
[PlyCount "89"]
[EventDate "2019.11.01"]
[EventType "swiss"]
[EventRounds "6"]
[EventCountry "ENG"]
[SourceVersionDate "2019.12.01"]

1. e4 e6 2. d4 d5 3. e5 c5 4. c3 Nc6 5. Nf3 Qb6 6. Be3 Nh6 7. Bxh6 gxh6 8. Qd2 Bd7 9. Be2 c4 10. O-O O-O-O 11. b3 Na5 12. b4 Nc6 13. Qf4 Rg8 14. Nbd2 a6 15. Rfb1 Na7 16. a4 Kb8 17. Nf1 Rc8 18. Ng3 Qd8 19. Nh5 Qe7 20. h3 Ka8 21. Nf6 Rg7 22. Nh2 Rg6 23. Bh5 Rg5 24. Nhg4 Rf5 25. Qe3 Bg7 26. Nxh6 Rxf6 27. exf6 Qxf6 28. Ng4 Qf5 29. Ne5 Bxe5 30. Qxe5 Qxe5 31. dxe5 Rf8 32. b5 a5 33. Rd1 b6 34. Be2 Rd8 35. Rd4 Rc8 36. Rad1 Be8 37. Rb1 Rc7 38. Rf4 Nc8 39. Rf6 Ne7 40. Rh6 f5 41. Rxe6 Kb7 42. Bf3 Bf7 43. Rd6 Ng6 44. e6 Be8 45. Rxd5 1-0

[Event "Hampshire Major"]
[Site "Fareham"]
[Date "2019.11.03"]
[Round "5.109"]
[White "Belinger, John"]
[Black "Deacon, Matthew"]
[Result "1-0"]
[WhiteElo "1672"]
[BlackElo "1488"]
[PlyCount "59"]
[EventDate "2019.11.01"]
[EventType "swiss"]
[EventRounds "6"]
[EventCountry "ENG"]
[SourceVersionDate "2019.12.01"]

1. e4 c5 2. d4 cxd4 3. c3 d3 4. Bxd3 d5 5. Bb5+ Nd7 6. exd5 a6 7. Ba4 b5 8. Bb3 Nb6 9. Nf3 Bb7 10. O-O Nf6 11. d6 Qxd6 12. Qxd6 exd6 13. Re1+ Kd7 14. Ng5 Nc4 15. Nxf7 Rg8 16. Ng5 Be7 17. Nd2 d5 18. Nxc4 dxc4 19. Bc2 Bc5 20. Bf5+ Kc7 21. Ne6+ Kb6 22. Nxc5 Kxc5 23. Be3+ Kc6 24. Rad1 Rad8 25. Bd4 Bc8 26. Bxc8 Rxc8 27. Bxf6 gxf6 28. Re6+ Kb7 29. Rxf6 Rge8 30. Kf1 1-0

[Event "Hampshire Major"]
[Site "Fareham"]
[Date "2019.11.03"]
[Round "5.110"]
[White "Webb, John"]
[Black "Crosswell, Neil"]
[Result "1/2-1/2"]
[WhiteElo "1488"]
[BlackElo "1552"]
[PlyCount "65"]
[EventDate "2019.11.01"]
[EventType "swiss"]
[EventRounds "6"]
[EventCountry "ENG"]
[SourceVersionDate "2019.12.01"]

1. c4 Nf6 2. Nf3 g6 3. g3 Bg7 4. Bg2 O-O 5. O-O d6 6. Nc3 e5 7. d3 h6 8. a3 a5 9. Rb1 Nc6 10. b4 axb4 11. axb4 Rb8 12. Nd2 Nd4 13. h3 b6 14. e3 Ne6 15. Nde4 Bb7 16. Bb2 Nxe4 17. Nxe4 f5 18. Nd2 Bxg2 19. Kxg2 f4 20. Ne4 fxg3 21. fxg3 Rxf1 22. Qxf1 Qe7 23. Qe2 b5 24. Bc3 bxc4 25. dxc4 h5 26. Rd1 Qd7 27. b5 Rd8 28. h4 Qe7 29. Ba5 Ra8 30. Bc3 Rd8 31. Bb4 Qf8 32. Rf1 Qe7 33. Rd1 1/2-1/2

[Event "Hampshire Major"]
[Site "Fareham"]
[Date "2019.11.03"]
[Round "6.101"]
[White "Wilson, Matthew R"]
[Black "Piecha, Lukasz"]
[Result "1-0"]
[WhiteElo "1872"]
[BlackElo "1728"]
[PlyCount "56"]
[EventDate "2019.11.01"]
[EventType "swiss"]
[EventRounds "6"]
[EventCountry "ENG"]
[SourceVersionDate "2019.12.01"]

1. e4 c5 2. Nf3 g6 3. c3 Bg7 4. d4 cxd4 5. cxd4 d5 6. e5 Nh6 7. Bf4 Bg4 8. Bb5+ Kf8 9. O-O Nf5 10. Be3 Qb6 11. Qd3 Bxf3 12. Rc1 Nc6 13. gxf3 Ncxd4 14. Bxd4 Qxd4 15. Nc3 Qxd3 16. Bxd3 Nd4 17. Nxd5 Bxe5 18. Kg2 Nc6 19. Rc4 Bxb2 20. Rb1 Bg7 21. Rxb7 Na5 22. Rxa7 Rd8 23. Rxa5 e6 24. Nb4 Bh6 25. Ra7 Bd2 26. Rcc7 Bxb4 27. Rxf7+ Kg8 28. Rg7+ Kf8 1-0

[Event "Hampshire Major"]
[Site "Fareham"]
[Date "2019.11.03"]
[Round "6.102"]
[White "Torrance, John"]
[Black "Evans, Thomas"]
[Result "1/2-1/2"]
[WhiteElo "1520"]
[BlackElo "1696"]
[PlyCount "20"]
[EventDate "2019.11.01"]
[EventType "swiss"]
[EventRounds "6"]
[EventCountry "ENG"]
[SourceVersionDate "2019.12.01"]

1. d4 f5 2. Bf4 Nf6 3. Nd2 d6 4. Ngf3 g6 5. e3 Bg7 6. Bd3 O-O 7. h3 Qe8 8. c3 e6 9. Qe2 a5 10. O-O h6 1/2-1/2

[Event "Hampshire Major"]
[Site "Fareham"]
[Date "2019.11.03"]
[Round "6.103"]
[White "Hamilton, Melissa"]
[Black "O'Gorman, Brendan"]
[Result "1/2-1/2"]
[WhiteElo "1592"]
[BlackElo "1832"]
[PlyCount "40"]
[EventDate "2019.11.01"]
[EventType "swiss"]
[EventRounds "6"]
[EventCountry "ENG"]
[SourceVersionDate "2019.12.01"]

1. d4 d5 2. c4 e6 3. Nc3 a6 4. e3 Nf6 5. Nf3 Be7 6. Be2 O-O 7. O-O dxc4 8. Bxc4 b5 9. Bd3 Bb7 10. a3 Nbd7 11. b4 Bd6 12. e4 e5 13. d5 c6 14. dxc6 Bxc6 15. Re1 Re8 16. Bxb5 Bxb4 17. axb4 axb5 18. Rxa8 Qxa8 19. Qe2 Qb7 20. Bb2 h6 1/2-1/2

[Event "Hampshire Major"]
[Site "Fareham"]
[Date "2019.11.03"]
[Round "6.104"]
[White "Holmes, David J"]
[Black "Dallas, Peter"]
[Result "1-0"]
[WhiteElo "1824"]
[BlackElo "1720"]
[PlyCount "75"]
[EventDate "2019.11.01"]
[EventType "swiss"]
[EventRounds "6"]
[EventCountry "ENG"]
[SourceVersionDate "2019.12.01"]

1. e4 g6 2. d4 Bg7 3. Nc3 d6 4. f4 Nd7 5. Nf3 a6 6. Bd3 b5 7. O-O c5 8. Be3 Bb7 9. d5 Rc8 10. a3 Nh6 11. h3 c4 12. Be2 f6 13. Nd4 Nc5 14. b4 cxb3 15. cxb3 Kf7 16. b4 Nxe4 17. Ne6 Nxc3 18. Nxd8+ Rhxd8 19. Qe1 Nf5 20. Bb6 Re8 21. Bf3 Rc4 22. Qe6+ Kf8 23. Rac1 Nh4 24. Qe1 Nxf3+ 25. Rxf3 Nxd5 26. Rxc4 Nxb6 27. Rc7 Bxf3 28. gxf3 f5 29. Rc6 Nc4 30. Rxa6 Bd4+ 31. Kg2 Ne3+ 32. Kh1 Rc8 33. a4 bxa4 34. Rxa4 e5 35. fxe5 dxe5 36. b5 Nc2 37. Qd2 Kg7 38. Ra2 1-0

[Event "Hampshire Major"]
[Site "Fareham"]
[Date "2019.11.03"]
[Round "6.105"]
[White "Cheung, Ryan"]
[Black "Agostinelli, David R"]
[Result "1-0"]
[WhiteElo "1776"]
[BlackElo "1696"]
[PlyCount "73"]
[EventDate "2019.11.01"]
[EventType "swiss"]
[EventRounds "6"]
[EventCountry "ENG"]
[SourceVersionDate "2019.12.01"]

1. d4 Nf6 2. c4 g6 3. Nc3 Bg7 4. e4 d6 5. Nf3 Bg4 6. Be2 Bxf3 7. Bxf3 c6 8. O-O O-O 9. Be3 Nbd7 10. b4 e5 11. d5 cxd5 12. cxd5 a6 13. Qb3 b5 14. a4 bxa4 15. Rxa4 a5 16. Rfa1 Qb8 17. Rxa5 Rxa5 18. Rxa5 Rc8 19. h3 Bf8 20. b5 Nc5 21. Bxc5 Rxc5 22. Na4 Rc1+ 23. Kh2 Qd8 24. Ra7 Nh5 25. Bxh5 gxh5 26. Qf3 Rc7 27. Rxc7 Qxc7 28. b6 Qb7 29. Qc3 Bh6 30. Qc7 Bf4+ 31. g3 Bxg3+ 32. Kxg3 Qa6 33. b7 Qd3+ 34. f3 Qd2 35. b8=Q+ Kg7 36. Qb2 Qe1+ 37. Kg2 1-0